Quizzes
Events
Quiz Creation
Community
Videos
Private Events
Remove Ads
Sign In
Join for FREE
Feedback
Dark Mode
Quiz Categories
Sports
Geography
Music
Movies
Television
Just For Fun
Miscellaneous
History
Literature
Language
Science
Gaming
Entertainment
Religion
Holiday
For Kids
Quiz Lab
Recent
Popular Today
Quiz Kudos Today
Editor Picks
Curator Picks
Quizzes by...
Day
Popularity
Type
Ratings
Length
Year
Community
Subscriptions
Recent Discussions
Orange Saloon
Badges
Playlists
Quests
Create
Leaderboards
Showdown
Live 5
Trivia Bingo
Activity
Puzzle Library
Sporcle Events
Private Events
Virtual Trivia
Globe League
Become a Host
Pub Owners
SporcleCon
Opinionation
Our Games
Videos
Blog
Mobile Apps
Partnerships
Remove Ads and Go Orange
Feedback
History
US Presidents
World Leaders
Politics
Nation
Discovery
War
Decade
Year
Century
Biography
Art
History
US Presidents
World Leaders
Politics
Nation
Discovery
War
Decade
Year
Century
Biography
Art
Random Quiz
Search Sporcle
×
Quiz Lab
Quiz Lab
History
Century
Type in answers that appear in a list
Type in answers that appear in a list
Classic
Best Score? Go Orange.
Nineteenth Century Names Stats
Can you name the Nineteenth Century Names?
By
Ameyerfire
8m
47 Questions
92 Plays
92 Plays
92 Plays
Comments
Comments
Give Quiz Kudos
Give Quiz Kudos
-
- Ratings
hide this ad
Forced Order
Answers have to be entered in order
Answers have to be entered in order
Random Order
Randomize order of answers
Randomize order of answers
Replay
Link that replays current quiz
Next Quiz
Link to next quiz in quiz playlist
You Got
0%
They Got
Avg Score
39%
Avg Friend Score
Upgrade to see
Score Distribution
Jump to the score distribution portion of the page
Score
0/47
Timer
08:00
0
Plays Today
Historical doings
the Person
% Correct
On the Origin of Species
Darwin
82.6%
British queen 1837-
1901
Victoria
82.6%
other co-
writer of the communist manifesto (more well-
known...white beard.. spent lots of time just sitting in some library writing about communism)
Marx
75%
An actually pretty averaged height, Italian born who moved to France and declared himself emperor after he led the army and occupied Northern Italy and 'freeing them'
Napoleon
70.7%
winning British admiral in Napoleonic wars
Nelson
65.2%
co-
author of The Communist Manifesto
Engels
62%
fired Bismarck -
Kaiser during WWI
Wilhelm II
62%
first German Kaiser
Wilhelm I
59.8%
Napoleon's first wife
Josephine
55.4%
British novelist and critic of industrial society
Dickens
51.1%
twice Conservative PM
Disraeli
51.1%
leader of Red Shirts during Italian unification
Garibaldi
50%
winning general at Waterloo
Duke of Wellington
48.9%
most famous Romantic composer
Beethoven
47.8%
German philosopher -
God is dead
Nietzsche
47.8%
four times Liberal PM
Gladstone
46.7%
became King of France after the Napoleonic Wars
Louis XVIII
46.7%
French army officer wrongly convicted of treason
Dreyfus
45.7%
ruled the Second Empire in France
Napoleon III
44.6%
romantic poet-
died fighting for Greek independence
Byron
43.5%
architecht of German unification
Bismark
42.4%
Belgian king who owned the Congo
Leopold II
42.4%
Italian opera composer
Verdi
42.4%
Romantic poet -
died young of tuberculosis
Keats
40.2%
Historical doings
the Person
% Correct
Prime Minister repealed Corn Laws, founded police
Peel
40.2%
Austrian foreign minister -
designed Peace of Vienna
Metternich
38%
German -
leading Romantic writer
Goethe
37%
Emperor of Austria 1848-
1916
Franz Joseph
35.9%
freed the serfs in Russia
Alexander II
34.8%
improver of the steam engine
Watt
33.7%
British Romantic poet
Wordsworth
32.6%
African colonialist -
Cape to Cairo
Rhodes
31.5%
Romantic poet-
drowned in Italy
Shelly
27.2%
Napoleon's court painter
David
20.7%
invented the railroad
Stephenson
20.7%
architect of Italian unification
Cavour
19.6%
first King of Italy
Victor Emmanuel II
19.6%
developed the dialiectic
Hegel
18.5%
King of France after Rev of 1830
Louis Phillipe
18.5%
Napoleon's wife #2 -
a Habsburg
Marie Louise
17.4%
for the French a good deal in Peace of Vienna
Talleyrand
17.4%
British representative at Congress of Vienna
Castlereagh
16.3%
redesigned and rebuilt Paris
Haussmann
15.2%
British racist philosopher
Spencer
13%
Napoleon's son
King of Rome
10.9%
French utopian socialist
Saint-Simon
8.7%
Liberty Leading the People
Delcroix
5.4%
Quiz Playlist
Details
Report
Send in Message
Add To Playlist
Classic:
Type in answers that appear in a list
Forced Order:
Answers have to be entered in order
Random Order:
Randomize order of answers
Last Updated: Feb 16, 2017
Quiz Scoreboard
CHALLENGE
Sign Up to Join the Scoreboard
Show All
Scores
Hide
Comments
May contain spoilers
Recently Published
College Basketball Coaching Resumes
by pancakes188
Sports
9m
Billboard Blitz: Fleetwood Mac
by CooCooCachoo
Music
15s
Presidents Visiting Landmarks
by Hejman
History
7m
More to Explore
Quiz From the Vault
Featured Blog Post
Where Did the Easter Bunny Come From?
hide this ad
You Might Also Like...
Tags
Century Quiz
Doing
Person
Today's Top Quizzes in History
Browse History
hide this ad
Today's Top Quizzes in Century
Browse Century
Top Contributed Quizzes in History
1
Popular People in 1991
2
Popular People in 1981
3
Popular People in 1951
4
Popular People in 1941
5
Popular People in 1986
6
Popular People in 1976
7
Popular People in 1921
8
I Am Born On March 28th
9
5-to-1: 20th Century Images of War
10
Popular People in 1946
Explore More
Trending Topics
NBA
Crossword
Anime
Harry Potter
Marvel
Kpop
Disney
Song
Pokémon
Puzzle
Country
NFL
WWE
The Office
Soccer
hide this ad
More By:
Ameyerfire
Quiz
Plays
Rating
Category
Featured
Created
20th Century Dates
242
3.00
History
Apr 30, 2010
15th and 16th Century Names
216
1.60
History
Mar 14, 2010
15th and 16th century dates
203
2.00
History
Mar 16, 2010
17th Century Dates
110
5.00
History
Apr 8, 2010
17th Century Names
95
1.00
History
Apr 6, 2010
Go to Creator's Profile
Score Distribution
Quiz Creator Spotlight
Ameyerfire
Follow
Send a Message
Quizzes Created
-
Created Quiz Play Count
-
More By This Creator
Popular Quizzes Today
1
Find the US States - No Outlines Minefield
2
Find the Countries of Europe - No Outlines Minefield
3
The Countries of the World
4
Find the US States
5
Risky Map Clicking: Biggest States A-Z
6
US States
7
Popular People in 1961
8
Movies - When Are They Set?
More History Quizzes
Hidden History Word Ladder II
Editor's Pick
Trending Quizzes
Risky Map Clicking: Least Populous States A-Z
1-10 Letter G Words
1-10 Letter F Words
Risky Map Clicking: Next State Alphabetically
Risky Map Clicking: Biggest States A-Z
Recently Updated
Leaping Animals
pecheneg
Reality TV Shows (A-Z)
bhenderson79
Rickey Henderson's Hall of Fame Teammates
pecheneg
Champions League XIs: Arsenal
pecheneg
Quick Pick: Celebrities in WWE's Hall of Fame
aduchscher
A-Z Keypad Blitz II
pecheneg
Multiple Oscar Actors
pecheneg
Mystery Phrase Blitz: Oscar 'Best Actors'
pecheneg
F. Scott Fitzgerald Novels
LTH
Pick 3 Villains
ddd62291
Trending Topics
Disney
Anime
NBA
Crossword
Marvel
Harry Potter
Kpop
The Office
Soccer
Country
Song
Pokémon
WWE
Puzzle
NFL
Your Account Isn't Verified!
In order to create a playlist on Sporcle, you need to verify the email address you used during registration. Go to your
Sporcle Settings
to finish the process.
Report this User
Report this user for behavior that violates our
Community Guidelines
.
Details:
Send Report
Go to the Sporcle.com Mobile Site →
Comments